000 01798cam a2200373 i 4500
001 18843180
005 20230307163832.0
008 151104s2016 enk b 001 0 eng
906 _a7
_bcbc
_corignew
_d1
_eecip
_f20
_gy-gencatlg
925 0 _aacquire
_b1 shelf copy
_xpolicy default
_eclaim1 2016-09-08
955 _wxl03 2015-11-04
_frk05 2016-11-14 to BCCD (telework)
010 _a 2015042934
020 _a9781118950876 (paperback)
040 _aDLC
_beng
_cDLC
_erda
_dDLC
042 _apcc
050 0 0 _aTA637
_b.G37 2016
082 0 0 _a624.1
_223
084 _aTEC063000
_2bisacsh
100 1 _aGarrison, Philip,
_cCEng.,
_eauthor.
240 1 0 _aBasic structures for engineers and architects
245 1 0 _aBasic structures /
_cPhilip Garrison.
250 _a3rd edition.
264 1 _aChichester, West Sussex, United Kingdom :
_bWiley Blackwell,
_c[2016]
300 _axiii, 414 pages ;
_c25 cm
336 _atext
_btxt
_2rdacontent
337 _aunmediated
_bn
_2rdamedia
338 _avolume
_bnc
_2rdacarrier
500 _aRevision and expansion of: Basic structures for engineers and architects / Philip Garrison. 2005; and Basic structures / Philip Garrison. 2011.
504 _aIncludes bibliographical references and index.
520 _a"Provides students with a thorough grounding in the fundamentals of building structures - Explains structural concepts clearly and mathematical aspects in a straightforward, very readable manner, using many analogies and examples"--
_cProvided by publisher.
650 0 _aStructural engineering.
650 7 _aTECHNOLOGY & ENGINEERING / Structural.
_2bisacsh
856 4 2 _3Cover image
_uhttp://catalogimages.wiley.com/images/db/jimages/9781118950876.jpg
999 _c11331
_d11331